| 000 | 00915nam0a22002771 4500 | ||
|---|---|---|---|
| 001 | rc\3378366 | ||
| 005 | 20250609223151.0 | ||
| 021 |
_aRU _b[74-93814] |
||
| 035 | _a(NLR Aleph) 007532930 | ||
| 090 |
_a7760576 _c7760576 |
||
| 100 | _a20130115d1974 |||y0rusy50 ca | ||
| 101 | 0 | _arus | |
| 102 | _aRU | ||
| 105 | _aa z ||||| | ||
| 200 | 1 |
_aТрудовые будни _e[Мин. сред. школа № 6] |
|
| 210 |
_aМинск _cНар. асвета _d1974 |
||
| 215 |
_a55 с. _cил. _d16 |
||
| 606 |
_aСпортивно-трудовые лагеря _yЭССР _2psbo |
||
| 606 |
_aТрудовое воспитание в школе _2psbo |
||
| 606 |
_aСпортивно-трудовые лагеря _yБССР _2psbo |
||
| 700 | 1 |
_aАвсиевич _bН.И. _gНиколай Ильич |
|
| 801 | 0 |
_aRU _bNLR _gpsbo |
|
| 801 | 1 |
_aRU _bELAR _2rusmarc |
|
| 852 |
_aNLR _j74-2/2563 |
||
| 942 | _cBOOK | ||
| 980 | _aNB | ||